000 00513nam a2200229 a 4500
001 nice12345678
003 IN_TiNIC
005 20260116012541.0
008 050524s1957 egya grp 000 0 ara
020 _a
_c100
082 0 0 _a492.78
_bNIL
245 _aAl-Murshid
260 _aEgypt
_bNile Press
_c1957
300 _a51p
500 _aincludes index and biblioraphy
505 2 _aIndex
650 _aArabic-Course Book
710 2 _aNile Press
902 _bSRS
942 _cBK
999 _c7430
_d7430